Tội xâm phạm nghĩa vụ, trách nhiệm của quân nhân
Rèn luyện kỷ luật quân đội cho quân nhân Việt Nam. Khái niệm, cấu thành tội phạm của tội xâm phạm nghĩa vụ, trác nhiệm của quân nhân. Những qui định đối với quân nhân phạm tội. Các tội phạm nghĩa vụ, trách nhiệm của quân nhân
Gorde:
| Egile nagusia: | |
|---|---|
| Beste egile batzuk: | , , |
| Formatua: | Liburua |
| Hizkuntza: | Vietnamese |
| Argitaratua: |
H.
Pháp Lý
1987
|
| Gaiak: | |
| Etiketak: |
Etiketa erantsi
Etiketarik gabe, Izan zaitez lehena erregistro honi etiketa jartzen!
|
| Thư viện lưu trữ: | Mạng thư viện Đại học Đà Nẵng |
|---|
| LEADER | 01685nam a22004218a 4500 | ||
|---|---|---|---|
| 001 | 000007540 | ||
| 003 | 3703 | ||
| 005 | 20111005151057.0 | ||
| 008 | 111005s1987 b 000 0 od | ||
| 020 | |c 16000đ |d 6.400b | ||
| 041 | 0 | |a 8706 | |
| 041 | 0 | |a vie | |
| 082 | |a 343.597014 |b Tôi | ||
| 084 | |a gg24 |b T000ộ | ||
| 100 | 1 | |a Lê Đức Tiết | |
| 245 | 1 | 0 | |a Tội xâm phạm nghĩa vụ, trách nhiệm của quân nhân |c Lê Đức Tiết, Lê Thanh Trung, Nguyễn Hữu Hùng, Nguyễn Văn Hợp |
| 260 | |a H. |b Pháp Lý |c 1987 | ||
| 300 | |a 379 tr. |c 19 cm. | ||
| 520 | |a Rèn luyện kỷ luật quân đội cho quân nhân Việt Nam. Khái niệm, cấu thành tội phạm của tội xâm phạm nghĩa vụ, trác nhiệm của quân nhân. Những qui định đối với quân nhân phạm tội. Các tội phạm nghĩa vụ, trách nhiệm của quân nhân | ||
| 653 | |a Quân đội | ||
| 653 | |a Kỉ luật | ||
| 653 | |a Tội phạm | ||
| 653 | |a Quân nhân | ||
| 653 | |a Việt Nam | ||
| 700 | 1 | |a Lê Thanh Trung |e Tác giả | |
| 700 | 1 | |a Nguyễn Hữu Hùng |e Tác giả | |
| 700 | 1 | |a Nguyễn Văn Hợp |e Tác giả | |
| 910 | |a Huỳnh Thị Cẩm Lai |d 05/10/2011 | ||
| OWN | |a LSP | ||
| AVA | |a UDN50 |b LSP |d 343.597014 Tôi |e unavailable |t Error 5002 Not defined in file expand_doc_bib_avail. |f 1 |g 1 |h N |i 0 |k 1 | ||
| 999 | |a From the UDN01 | ||
| AVA | |a UDN50 |b LSP |d 343.597014 Tôi |e unavailable |t Error 5002 Not defined in file expand_doc_bib_avail. |f 1 |g 1 |h N |i 0 |k 1 | ||
| TYP | |a Monograph | ||
| TYP | |a Printed language | ||
| 980 | |a Mạng thư viện Đại học Đà Nẵng | ||